Loading...
| History - American | 0 | 6 | 1 | 0 | 55 | 42 | 71.33 | 0 | 4 | 17.36 | 44.16 |
| Religion | 0 | 4 | 0 | 1 | 40 | 67 | 83.25 | 0 | 2 | 9.63 | 20.45 |
| Social Science | 0 | 3 | 0 | 1 | 30 | 56 | 74.00 | 0 | 1 | 9.23 | 12.50 |
| Literature - World | 0 | 3 | 0 | 0 | 30 | 13 | 68.33 | 1 | 1 | 11.17 | 15.91 |
| Painting/Sculpture | 0 | 3 | 1 | 1 | 25 | 67 | 91.67 | 0 | 1 | 4.52 | 12.82 |
| Literature - American | 0 | 2 | 0 | 1 | 20 | 96 | 106.50 | 0 | 0 | 0.00 | 3.41 |
| Fine Arts - Other | 0 | 2 | 0 | 0 | 20 | 92 | 93.00 | 0 | 0 | 2.28 | 13.64 |
| Literature - European | 0 | 2 | 0 | 0 | 20 | 98 | 105.00 | 0 | 0 | 2.22 | 11.36 |
| Science - Biology | 0 | 2 | 1 | 0 | 15 | 67 | 75.00 | 0 | 1 | 4.84 | 13.15 |
| Current Events | 0 | 1 | 0 | 0 | 10 | 53 | 53.00 | 0 | 0 | 10.36 | 5.00 |
| Mythology | 0 | 1 | 0 | 0 | 10 | 56 | 56.00 | 0 | 1 | 4.29 | 6.82 |
| History - Other | 0 | 1 | 0 | 0 | 10 | 39 | 39.00 | 0 | 1 | 5.71 | 6.82 |
| Pop Culture | 0 | 1 | 0 | 0 | 10 | 28 | 28.00 | 1 | 1 | 15.21 | 20.00 |
| Fine Arts - Classical Music | 0 | 1 | 0 | 0 | 10 | 77 | 77.00 | 0 | 0 | 2.78 | 2.27 |
| Literature - British | 0 | 1 | 0 | 0 | 10 | 115 | 115.00 | 0 | 0 | 0.00 | 1.14 |
| History - European | 0 | 1 | 0 | 0 | 10 | 71 | 71.00 | 0 | 0 | 3.06 | 6.49 |
| Science - Chemistry | 0 | 1 | 1 | 1 | 5 | 113 | 113.00 | 0 | 0 | 0.00 | 1.30 |
| Philosophy | 0 | 1 | 1 | 0 | 5 | 94 | 94.00 | 0 | 0 | 1.72 | 6.25 |